Football Teams Martin Ødegaard Played For - Statistics

General Stats
  • This quiz has been taken 73 times
  • The average score is 5 of 8
Answer Stats
League Years Team % Correct
England 2021- Arsenal FC
100%
Spain 2020-2021 Real Madrid
98%
Spain 2015-2017 Real Madrid Castilla
98%
Spain 2019-2020 Real Sociedad
69%
Netherlands 2018-2019 Vitesse Arnhem
37%
Netherlands 2017-2018 SC Heerenveen
31%
Norway 2014-2015 Strømsgodset IF
19%
Norway 2014 Strømsgodset IF II
19%
No matching quizzes found
Score Distribution
Percent of People with Each Score
Percentile by Number Answered
Your Score History
You have not taken this quiz